000 00473nam a2200193 4500
003 LK-CoMWRAF
005 20230826232857.0
008 230826b2010 |||||||| |||| 00| 0 eng d
020 _a9781606416709
040 _aLK-CoMWRAF
_dLK-CoMWRAF
_eLK-CoMWRAF
041 _aeng
082 _a823
_bLEV
100 _aLevitin, Sonia
245 _aEscape from Egypt
260 _aNew York :
_bPuffin Books,
_c1996.
300 _a267p
650 _aEnglish Fiction
942 _n0
_cBK
999 _c3281
_d3281